ដំណើរឡើងតាមទន្លេមេគង្គលើ / (Record no. 1528)

MARC details
000 -LEADER
fixed length control field 01965nam a22002897a 4500
001 - CONTROL NUMBER
control field 1528
003 - CONTROL NUMBER IDENTIFIER
control field FISKH
005 - DATE AND TIME OF LATEST TRANSACTION
control field 20250530110159.0
008 - FIXED-LENGTH DATA ELEMENTS--GENERAL INFORMATION
fixed length control field 230904b cb ||||| |||| 00| 0 khr d
020 ## - INTERNATIONAL STANDARD BOOK NUMBER
International Standard Book Number 9789995054885
040 ## - CATALOGING SOURCE
Original cataloging agency FISKH
Language of cataloging eng
Transcribing agency FISKH
Modifying agency FISKH
082 ## - DEWEY DECIMAL CLASSIFICATION NUMBER
Classification number 577.63
100 ## - MAIN ENTRY--PERSONAL NAME
Personal name Mengcheang, Sungheng
245 ## - TITLE STATEMENT
Title ដំណើរឡើងតាមទន្លេមេគង្គលើ /
Remainder of title មានបន្ថែមទិន្នន័យថ្មីៗ!
Statement of responsibility, etc. និពន្ធដោយ ស៊ុនហេង ម៉េងឈាង - អត្តបទអំពីខេត្តកណ្ដាល កំពង់ស្ពឺ ស្វាយរៀង ដោយ ស៊ុន សុគន្ធមាលា
250 ## - EDITION STATEMENT
Edition statement បោះពុម្ពលើកទី ៥​ មេសា​ ២០២២
260 ## - PUBLICATION, DISTRIBUTION, ETC.
Place of publication, distribution, etc. Phnom Penh :
Name of publisher, distributor, etc. Sipar,
Date of publication, distribution, etc. 2022.
300 ## - PHYSICAL DESCRIPTION
Extent 39 pages :
Other physical details color illustrations ;
Dimensions 20 cm
490 ## - SERIES STATEMENT
Series statement ខ្ញុំចង់ដឹង
505 ## - FORMATTED CONTENTS NOTE
Formatted contents note Z'<br/>
520 ## - SUMMARY, ETC.
Summary, etc. ដំណើរឆ្ពោះទៅទន្លេមេគង្គលើ ពិពណ៌នាអំពីការធ្វើដំណើរតាមដងទន្លេមេគង្គលើនៃរបៀបដែលប្រជាជនរស់នៅក្នុងខេត្តកំពង់ចាម ក្រចេះ ស្ទឹងត្រែង រតនគិរី មណ្ឌលគិរី និងឡាវ ដែលជាប្រទេសជិតខាងរបស់យើង។
520 ## - SUMMARY, ETC.
Summary, etc. Journey to Upper Mekong describes a journey along the upper Mekong River and shows how people live in Kampong Cham, Kratie, Steoung Treng, Rattanakiri, Mondolkiri and Laos, a neighboring country.
521 8# - TARGET AUDIENCE NOTE
Target audience note 1000<br/>
Source Lexile estimate<br/>
521 8# - TARGET AUDIENCE NOTE
Target audience note Z'<br/>
Source Raz-Plus<br/>
650 ## - SUBJECT ADDED ENTRY--TOPICAL TERM
Topical term or geographic name entry element ដងទន្លេមេគង្គ
Form subdivision ដំណើរ
General subdivision ជីវិត
650 ## - SUBJECT ADDED ENTRY--TOPICAL TERM
Topical term or geographic name entry element Mekong river
Form subdivision Journey
General subdivision Life
942 ## - ADDED ENTRY ELEMENTS (KOHA)
Source of classification or shelving scheme Dewey Decimal Classification
Koha item type Books
Suppress in OPAC No
Holdings
Withdrawn status Lost status Source of classification or shelving scheme Damaged status Not for loan Collection Home library Current library Shelving location Date acquired Total Checkouts Full call number Barcode Date last seen Copy number Price effective from Koha item type Date last checked out
    Dewey Decimal Classification     Khmer Non-Fiction / សៀវភៅខ្មែរ រឿងពិត Footprints International School Library Network Toul Kork Campus Footprints International School Library Network Toul Kork Campus   09/04/2023   MEN 577.63 2023-0462 09/04/2023 1 09/04/2023 Books  
    Dewey Decimal Classification     Khmer Non-Fiction / សៀវភៅខ្មែរ រឿងពិត Footprints International School Library Network Toul Kork Campus Footprints International School Library Network Toul Kork Campus   09/04/2023   MEN 577.63 2023-0463 09/04/2023 2 09/04/2023 Books  
    Dewey Decimal Classification     Khmer Non-Fiction / សៀវភៅខ្មែរ រឿងពិត Footprints International School Library Network Toul Kork Campus Footprints International School Library Network Toul Kork Campus   09/04/2023   MEN 577.63 FISTK03715 10/10/2023 3 09/04/2023 Books  
    Dewey Decimal Classification     Khmer Non-Fiction / សៀវភៅខ្មែរ រឿងពិត Footprints International School Library Network Toul Kork Campus Footprints International School Library Network Toul Kork Campus TTP Secondary Khmer Bookshelves 03/07/2024 2 MEN 577.63 FIS02458 12/01/2025 5 03/07/2024 Books 11/10/2025
    Dewey Decimal Classification     Khmer Non-Fiction / សៀវភៅខ្មែរ រឿងពិត Footprints International School Library Network Toul Tom Poung Campus Footprints International School Library Network Toul Kork Campus TTP Secondary Khmer Bookshelves 03/07/2024 1 MEN 577.63 FISSE02241 03/11/2025 6 03/07/2024 Books 03/11/2025
    Dewey Decimal Classification     Khmer Non-Fiction / សៀវភៅខ្មែរ រឿងពិត Footprints International School Library Network Toul Tom Poung Campus Footprints International School Library Network Toul Tom Poung Campus TTP Primary Khmer Bookshelves 03/07/2024 2 MEN 577.63 FISSE02464 03/13/2026 7 03/07/2024 Books 01/23/2026